000 00389nam a2200145Ia 4500
008 210210b1975 xxu||||| |||| 00| 0 eng d
082 _a428 PICW
100 _aPICHASKE (David R).
245 _aWriting sense a handbook of composition.
260 _aLondon
_bCollier MAcmillan Publishers
_c1975
300 _axv,330
650 _aCompositions
690 _aEnglish Usage
906 _a040337
999 _c90058
_d90058